Statistics for Name That War

Click here to take the quiz!

General Stats

  • This quiz has been taken 16 times
  • The average score is 10 of 20

Answer Stats

Those InvolvedWhenAnswer% Correct
Entente vs. Central Powers1914-1918World War 1
100%
Axis vs. Allies1939-1945World War 2
100%
USA, South Vietnam vs. Vietcong1955-1975Vietnam War
92%
Union vs. Confederate States1861-1865American Civil War
77%
Rome vs. Carthage264BC-146BCPunic Wars
77%
Russia vs. Britain, France, Piedmont-Sardinia, Ottoman Empire1853-1856Crimean War
69%
France vs. North German Confederation1870-1871Franco-Prussian War
69%
England vs. France1337-1453Hundred Years War
69%
Russia vs. Japan1904-1905Russo-Japanese War
69%
Finland vs. Soviet Union1939-1940Winter War
69%
America vs. Britain1812-1815War of 1812
62%
Iran vs. Iraq1980-1988Iran-Iraq War
54%
Thirteen Colonies vs. British Empire1775-1783American Revolutionary War
38%
England vs. Spain1585-1604Anglo-Spanish War
23%
Byzantine Empire vs. Sasanian602-628Byzantine-Sasanian War
15%
Greek States vs. Persian Empire499BC-449BCGreco-Persian Wars
15%
Duchy of Normandy vs. England1066-1071Norman Conquest
15%
Italy vs. Ethiopia1895-1896First Italo-Ethiopian War
8%
Denmark vs. Sweden1611-1613Kalmar War
8%
Italy vs. Ethiopia1935-1936Second Italo-Ethiopian War
8%

Score Distribution

Percentile by Number Answered

Percent of People with Each Score

Your Score History

You have not taken this quiz